000
00309nam a2200133Ia 4500
008
231129s1984||||xx |||||||||||||| ||spa||
040
_b
spa
082
_a
Co864 K15h
100
_a
Kamargo Rene
245
0
_a
Hasta que la muerte los separe
260
_c
1984
264
_a
Centro America
942
_2
ddc
_c
BKS
999
_c
14928
_d
14928